000 00273nam a2200109Ia 4500
008 200302s9999 xx 000 0 und d
100 _aKen Oldham Smith
245 _aElectrical Safety And The Law
260 _bBlackwell Sciences Limited, UK
260 _c1997
300 _a362
999 _c4668
_d4668